00382nam a2200169Ia 4500008004100000020001400041050001400055100001600069245002200085245001900107260001500126260001600141260000900157300001600166300002000182300001000202170918s9999 xx 000 0 und d a439418232 bR331 1998 aReeve, Kirk aLolo & red-legs / cby Kirk Reeve. aNew York : bScholastic, c1998 a111 pages : billustrations ; c19cm.